Search the Library Catalogue
| 000 -LEADER | |
|---|---|
| fixed length control field | 00679nam a2200217Ia 4500 |
| 008 - FIXED-LENGTH DATA ELEMENTS--GENERAL INFORMATION | |
| fixed length control field | 191130s2006##################000#0#eng## |
| 020 ## - INTERNATIONAL STANDARD BOOK NUMBER | |
| ISBN | 9780143100430 |
| 082 ## - DEWEY DECIMAL CLASSIFICATION NUMBER | |
| Classification number | 792.09541 MEH |
| 100 ## - MAIN ENTRY--AUTHOR NAME | |
| Personal name | Mehrotra, Deepti Priya |
| 245 ## - TITLE STATEMENT | |
| Title | Gulab Bai : the queen of Nautanki theatre |
| Statement of responsibility, etc | Deepti Priya Mehrotra |
| 260 ## - PUBLICATION, DISTRIBUTION, ETC. (IMPRINT) | |
| Place of publication | London |
| Name of publisher | Penguin Books |
| Year of publication | 2006 |
| 300 ## - PHYSICAL DESCRIPTION | |
| Number of Pages | viii, 318 p. : ill. : 21 cm |
| 500 ## - GENERAL NOTE | |
| General note | Includes bibliographical references (p. [311]-318) |
| 650 ## - SUBJECT ADDED ENTRY--TOPICAL TERM | |
| Topical Term | Gulab Bai, 1920-1996 |
| Topical Term | Nautanki - History - 20th century |
| 991 ## - | |
| -- | 366573 |
| Withdrawn status | Lost status | Damaged status | Not for loan | Home library | Current library | Shelving location | Date acquired | Full call number | Accession Number | Price effective from | Koha item type |
|---|---|---|---|---|---|---|---|---|---|---|---|
| Anna Centenary Library | Anna Centenary Library | 6TH FLOOR, B WING | 13.10.2020 | 792.09541 MEH | 391165 | 13.10.2020 | English Books |